Statistics for premier league best players 2022-2023

Click here to take the quiz!

General Stats

  • This quiz has been taken 76 times
  • The average score is 21 of 45

Answer Stats

HintAnswerclub% Correct
rwsalahliverpool
89%
sthaalandMan City
87%
stkanespurs
84%
lwrashfordman u
82%
cdmRodriMan City
81%
cbThiago silvaChelsea
73%
rwBernardo silvaMan City
71%
rwsakaarsenal
69%
lwsonspurs
68%
cdmriceWest Ham
66%
cdmCasemiroman u
65%
cmgundoganMan City
65%
rbtrippierNewcastle
56%
rbreece jamesChelsea
55%
cbdiasMan City
53%
stisakNewcastle
53%
stnunezliverpool
53%
cbsalibaarsenal
53%
cdmparteyarsenal
52%
gkpopeNewcastle
52%
sttoneybrentford
50%
cbstonesMan City
48%
cmmountChelsea
47%
lbshawman u
47%
rbtrentliverpool
45%
gkalisonliverpool
44%
rwmahrezMan City
44%
cbvaraneman u
44%
cbmartinezman u
42%
stmitrovicFulham
42%
cdmcaicedobrighton
40%
rwBowenWest Ham
37%
cbbotmanNewcastle
34%
cbdunkbrighton
34%
camezeCrystal Palace
32%
campaquetaWest Ham
31%
lmsanchoman u
31%
cmkdbMan City
27%
camGibbs whiteforest
26%
lwmartineliarsenal
26%
cbtarkowskiEverton
19%
cbvvdliverpool
18%
cmfernadesman u
5%
cmodergaardarsenal
5%
rbwan bisakaman u
5%

Score Distribution

Percentile by Number Answered

Percent of People with Each Score

Your Score History

You have not taken this quiz